| 000 | 00393nam a2200145Ia 4500 | ||
|---|---|---|---|
| 008 | 230718s9999 xx 000 0 und d | ||
| 041 | _aeng | ||
| 082 |
_a302.23 _bLES |
||
| 100 |
_aLester P.M. _9187158 |
||
| 245 | _aVisual Communication Images With Messages | ||
| 260 |
_c1999 _bWadsworth |
||
| 365 |
_cRs. _b590.40 |
||
| 700 |
_aLester P.M. _9187158 |
||
| 906 |
_dB:45712-May-2001 _cOTH _b88.56 |
||
| 999 |
_c301727 _d301727 |
||